Statistics for 傀儡国家の旗

Click here to take the quiz!

General Stats

  • This quiz has been taken 33 times
  • The average score is 5 of 28

Answer Stats

Answer% Correct
満州国(日本)
90%
汪兆銘政権(日本)
45%
アルツァフ共和国(アルメニア)
45%
北キプロス・トルコ共和国(トルコ)
38%
ヴィシー・フランス(ドイツ)
34%
アブハジア共和国(ロシア)
34%
沿ドニエストル共和国(ロシア)
31%
トゥヴァ人民共和国(ソ連)
24%
東トルキスタン共和国(ソ連)※第2次
24%
南ベトナム共和国(北ベトナム)
17%
イタリア社会共和国(ドイツ)
17%
ビルマ国(日本)
14%
クロアチア独立国(ドイツ)
14%
アルバニア王国(ドイツ)
10%
アルバニア王国(イタリア)
10%
クウェート共和国(イラク)
10%
ベトナム国(フランス)
10%
ベトナム帝国(日本)
7%
コーチシナ共和国(フランス)
7%
スロバキア共和国(ドイツ)
3%
自由インド仮政府(日本)
3%
アゼルバイジャン国民政府(ソ連)
3%
セルビア救国政府(ドイツ)
3%
イラク王国(イギリス)
3%
蒙古聯合自治政府(日本)
0%
中部リトアニア共和国(ポーランド)
0%
リトアニア王国(ドイツ)
0%
マハーバード共和国(ソ連)
0%

Score Distribution

Percentile by Number Answered

Percent of People with Each Score

Your Score History

You have not taken this quiz